Вып. 96 : Химия и технология особо чистых веществ: сборник статей; Труды Московского химико-технологического института им. Д. И. Менделеева

التفاصيل البيبلوغرافية
Parent link:Труды Московского химико-технологического института им. Д. И. Менделеева/ Московский химико-технологический институт им. Д. И. Менделеева (МХТИ). Вып. 96 : Химия и технология особо чистых веществ.— , 1932-1989
اللغة:الروسية
منشور في: 1977
الموضوعات:
التنسيق: كتاب
KOHA link:https://koha.lib.tpu.ru/cgi-bin/koha/opac-detail.pl?biblionumber=356417

MARC

LEADER 00000nam2a2200000 4500
001 356417
005 20231102010906.0
035 |a (RuTPU)RU\TPU\retro\13677 
035 |a RU\TPU\retro\13668 
090 |a 356417 
100 |a 20200720d1977 k y0rusy50 ca 
101 0 |a rus 
102 |a RU 
105 |a a z 001zy 
200 0 |a Вып. 96 : Химия и технология особо чистых веществ  |e сборник статей 
210 |d 1977 
215 |a 110 с.  |c ил. 
320 |a Библиогр. в конце ст. 
461 1 |0 (RuTPU)RU\TPU\book\349137  |t Труды Московского химико-технологического института им. Д. И. Менделеева  |f Московский химико-технологический институт им. Д. И. Менделеева (МХТИ)  |v Вып. 96 : Химия и технология особо чистых веществ  |d 1932-1989 
606 1 |a Химические вещества, особо чистые  |x Получение  |2 stltpush  |3 (RuTPU)RU\TPU\subj\17218  |9 42999 
610 1 |a ректификация 
610 1 |a очистка 
610 1 |a адсорбция 
610 1 |a микропримеси 
610 1 |a газы 
610 1 |a органические вещества 
675 |a 669.2.054  |v 4 
801 1 |a RU  |b 63413507  |c 20161109 
801 2 |a RU  |b 63413507  |c 20200720  |g RCR 
942 |c BK